000 01337nam a2200217 a 4500
003 AR-RoUNCS
005 20260701154606.0
007 ta
008 231004s2022 ag |r 00| f spa d
020 _a978-987-725-522-5
040 _aAR-RoUNCS
_bspa
_cAR-RoUNCS
100 1 _aMujica Lainez, Manuel,
_d1910-1984
_eautor
245 1 4 _aLos ídolos /
_cManuel Mujica Lainez.
260 _aBuenos Aires :
_bDebolsillo,
_cc2022.
300 _a223 p. ;
_c19 cm.
490 0 _aContemporánea
520 _aDos amigos hechizados en su adolescencia por Los ídolos, único libro publicado por el enigmático escritor Lucio Sansilvestre, se reencuentran en Londres luego de más de diez años sin verse. Uno de ellos, Gustavo, sabe que el autor fantasmal vive en esa ciudad y está empecinado en encontrarlo. El otro, espectador cauteloso de la fascinación de su amigo, decide acompañarlo en la pesquisa. Logran dar con Sansilvestre sin demasiado esfuerzo, pero a partir de ese encuentro, la trayectoria de sus vidas da un vuelco definitivo. En esa zona inquietante entre el afecto y la obsesión, entre la veneración y el desprecio, se construye una trama seductora como un juego de espejos, en cuya espesura parece imposible no quedar atrapados.
650 7 _2embne
_aLiteratura argentina
655 7 _aNovela
_2embne
942 _2udc
_cOG
_n0
999 _c1072
_d1072